| 000 | 00700nam a2200205 a 4500 | ||
|---|---|---|---|
| 001 | 12337 | ||
| 003 | CO-ViMGA | ||
| 008 | 141112s2004 ck r 000 u spa d | ||
| 020 | _a9586391450 | ||
| 040 |
_aCO-ViMGA _bspa _cCO-ViMGA |
||
| 082 | 0 | 4 | _a370.193 B37c |
| 100 | 1 |
_aBettelheim, Bruno; Beltran, Jordi _917609 |
|
| 245 | 1 | 0 |
_aEducación y Vida Moderna : _bUn enfoque psicoanalítico |
| 260 |
_aBarcelona : _bCritica, _c1982 |
||
| 300 | _a300 P | ||
| 590 | _aForma de adquisición : DONACION - - Proveedor : RAFAEL SALAMANCA - - Fecha de adquisición : 31 - 01 - 2001 - - Ejemplares : 2 | ||
| 650 | 1 | 4 |
_aPSICOLOGIA SOCIAL _93146 |
| 650 | 1 | 4 |
_aSOCIOLOGIA DE LA educación _953660 |
| 942 |
_2ddc _cBK |
||
| 999 |
_c23347 _d23347 |
||